| 000 | 01758cam a22003251ia4500 | ||
|---|---|---|---|
| 003 | SA-RiAUC | ||
| 005 | 20250530152153.0 | ||
| 008 | 250528s1985 su g 00010 ara c | ||
| 040 |
_aSA-RiAUC _bara _cSA-RiAUC _erda |
||
| 050 | 4 | _bA35 1985 | |
| 082 | 0 | 4 |
_a258.4 _qSA-RiAUC |
| 090 |
_a258.4 _b ا ب و ي |
||
| 100 | 1 |
_aأبو يعلى، محمد بن الحسين بن محمد، _d380-458 هجري _eمؤلف. |
|
| 245 | 1 | 2 |
_aالمسائل الأصولية من كتاب الروايتين والوجهين / _cمحمد بن الحسين أبو يعلى القاضي الحنبلي ؛ تحقيق عبد الكريم بن محمد اللاحم. |
| 250 | _aالطبعة الأولى. | ||
| 264 | 1 |
_aالرياض : _bمكتبة المعارف، _c1985 |
|
| 300 |
_a3 مجلد ؛ _c24 × 17 سم |
||
| 336 |
_aنص _btxt _2rdacontent _3كتاب |
||
| 337 |
_aبدون وسيط _bn _2rdamedia |
||
| 338 |
_aمجلد _bnc _2rdacarrier |
||
| 500 | _aالروايتين والوجهين / لمحمد بن الحسين بن محمد أبي يعلي. | ||
| 650 | 7 |
_aالفقه الحنبلي _2aucsh |
|
| 650 | 7 |
_aأصول الفقه الإسلامي _2aucsh |
|
| 650 | 7 |
_aالفقه الإسلامي _xمذاهب _2aucsh |
|
| 700 | 1 | 2 |
_iمنتخب من : _aأبو يعلى، محمد بن الحسين بن محمد، _d380-458 هجري. _tالروايتين والوجهين |
| 700 | 1 | 2 |
_iتحقيق لـ : _aأبو يعلى، محمد بن الحسين بن محمد، _d380-458 هجري. _tالمسائل الأصولية من كتاب الروايتين والوجهين. |
| 700 | 1 |
_aاللاحم، عبد الكريم بن محمد، _d1355-1438 هجري _eمحقق. |
|
| 942 |
_2ddc _cBOOK _n0 |
||
| 949 |
_aSA-JeALM _d250528 _umohamedma123 _n1 |
||
| 999 |
_c8528 _d8528 |
||